Casebook on Kenya customary law / (Record no. 2105)
[ view plain ]
| 000 -LEADER | |
|---|---|
| fixed length control field | 00809cam a22002412 4500 |
| 001 - CONTROL NUMBER | |
| control field | 0000003407 |
| 005 - DATE AND TIME OF LATEST TRANSACTION | |
| control field | 20151217145734.0 |
| 008 - FIXED-LENGTH DATA ELEMENTS--GENERAL INFORMATION | |
| fixed length control field | 070504s xx 000 0 eng d |
| 040 ## - CATALOGING SOURCE | |
| Original cataloging agency | KABU |
| Transcribing agency | KABU |
| 050 #0 - LIBRARY OF CONGRESS CALL NUMBER | |
| Classification number | KSK3829 |
| Item number | .C68 |
| 100 1# - MAIN ENTRY--PERSONAL NAME | |
| Personal name | Cotran, Eugene. |
| -- | 0000161213 |
| 245 10 - TITLE STATEMENT | |
| Title | Casebook on Kenya customary law / |
| Statement of responsibility, etc. | Eugene Cotran. |
| 260 ## - PUBLICATION, DISTRIBUTION, ETC. (IMPRINT) | |
| Place of publication, distribution, etc. | Nairobi : |
| Name of publisher, distributor, etc. | Nairobi University Press, |
| Date of publication, distribution, etc. | 1995. |
| 300 ## - PHYSICAL DESCRIPTION | |
| Extent | 348 p. |
| 650 #0 - SUBJECT ADDED ENTRY--TOPICAL TERM | |
| Topical term or geographic name as entry element | Customary law |
| Geographic subdivision | Kenya. |
| -- | 0000161214 |
| 650 #0 - SUBJECT ADDED ENTRY--TOPICAL TERM | |
| Topical term or geographic name as entry element | Criminal procedure |
| Geographic subdivision | Kenya. |
| -- | 0000160341 |
| 852 1# - LOCATION | |
| -- | p975 KSH |
| 852 1# - LOCATION | |
| -- | p975 KSH |
| 852 1# - LOCATION | |
| -- | p975 KSH |
| 908 ## - PUT COMMAND PARAMETER (RLIN) | |
| Put command parameter | 070504 |
| 950 ## - LOCAL HOLDINGS (RLIN) | |
| -- | 1 |
| Withdrawn status | Lost status | Source of classification or shelving scheme | Not for loan | Home library | Current library | Date acquired | Total Checkouts | Full call number | Barcode | Date last seen | Date last checked out | Price effective from | Koha item type | Total Renewals |
|---|---|---|---|---|---|---|---|---|---|---|---|---|---|---|
| Library of Congress Classification | Kabarak, Main Campus | Kabarak, Main Campus | 17/12/2015 | 1 | KSK3829 .C68 c. 6 | 18381 | 10/11/2020 | 27/01/2016 | 17/12/2015 | General Collection | ||||
| Library of Congress Classification | Kabarak, Main Campus | Kabarak, Main Campus | 17/12/2015 | 2 | KSK3829 .C68 c. 7 | 18382 | 31/05/2021 | 09/03/2021 | 17/12/2015 | General Collection | ||||
| Library of Congress Classification | Kabarak, Main Campus | Kabarak, Main Campus | 17/12/2015 | 8 | KSK3829 .C68 c. 5 | 18380 | 12/10/2023 | 26/09/2023 | 17/12/2015 | General Collection | 1 | |||
| Library of Congress Classification | Kabarak, Main Campus | Kabarak, Main Campus | 17/12/2015 | 8 | KSK3829 .C68 c. 2 | 009268 | 30/09/2024 | 20/09/2024 | 17/12/2015 | General Collection | 1 |